| 000 | 00415nam a2200133Ia 4500 | ||
|---|---|---|---|
| 008 | 211109s9999||||xx |||||||||||||| ||und|| | ||
| 082 |
_a894.812 _bKAL-A |
||
| 100 | _aKalidassan, | ||
| 245 | 0 | _aAbhijana Sakunthalam | |
| 260 |
_bVallathol Printing & Publishing House _aCheruthuruthy _c1976 |
||
| 630 | _xGeneral Stack | ||
| 650 |
_aMalayalam Poetry _vSanskrit LiteratureMalayalam Literature _xMalayalam |
||
| 942 | _cBOOK | ||
| 999 |
_c1119 _d1119 |
||